00343nam a2200133Ia 4500008004100000041001200041082002100053100002100074245004200095250001200137260003700149300001400186440000900200240126s9999 xx 000 0 und d aEnglish a647.94 AND;1 R aAndrews, Sudhir. 0aHotel housekeeping: a training manual a3rd ed. bMcgraw Hill EducationaNew Delhi axxxi, 334 aNULL